000 00409nam a2200181Ia 4500
001 16676
005 20260306170327.0
008 260306t1999||||xx |||||||||||||| ||und||
041 _aESP
082 _a349.1
_bH46D
100 _aHerrera Paulsen, Dario
_eAUT
245 0 _aDerecho romano
260 _c1999
300 _a336 páginas :
_c
650 _aGEN
654 _aCDE
942 _cLIB
_dJUS
_fJUS
_2ddc
_n
999 _c16676
_d16676